000 00790nam a2200217Ii 4500
003 JO-AjNU
008 230605s9999||||xx |||||||||||||| ||und||
017 _a1989/8/544
040 _aJO-AjNU
_bara
_erda
_cJO-AjNU
041 _aara
050 1 4 _aLA1471.T3422 1989
100 3 _aالتل، احمد يوسف,
_eauthor
_957671
245 0 0 _aتطوير نظام التعليم في الاردن1921-1989: مؤثرات وعوامل
250 _aط2
264 3 1 _aعمان: وزارة الثقافه والشباب،1989
300 _a450ص
_bببليوجرافيا:425-450،ويحتوي على محتويات وجداول
336 _atext
_btxt
_2rdacontent
337 _aunmediated
_bn
_2rdamedia
338 _avolume
_bnc
_2rdacarrier
650 4 _aالتعليم-الاردن
_957672
999 _aA25858
_c29426
_d29426